| 000 | 00898nam a2200253 a 4500 | ||
|---|---|---|---|
| 001 | 000015800 | ||
| 003 | DO-SdBNP | ||
| 005 | 20211202120647.0 | ||
| 008 | 100218s19uu dr 000 0 spa d | ||
| 040 |
_aDO-SdBNP _bspa _cBNPHU |
||
| 082 | 4 |
_a342.729302 _bR426co _222 |
|
| 110 | 1 |
_aRepública Dominicana. _9447 |
|
| 240 | 1 | 0 | _aConstitución (1844) |
| 245 | 1 | 0 |
_aConstitución de San Cristóbal : _b6 de noviembre del 1844. |
| 260 |
_a[Santo Domingo : _b[s.n.], _c196-?]. |
||
| 300 |
_a632 p. ; _c22 cm. |
||
| 500 | _aIncluye referencias bibliográficas y notas al pie de las páginas | ||
| 590 | _aInventariado, 2018/ YL | ||
| 651 | 4 |
_aRepública Dominicana _xConstitución (1844) _935555 |
|
| 651 | 4 |
_aRepública Dominicana _xHistoria constitucional _96486 |
|
| 651 | 4 |
_aRepública Dominicana _xDerecho constitucional _99303 |
|
| 910 | _aValidado. Control de calidad EMS | ||
| 942 |
_2ddc _cLBS1 |
||
| 999 |
_c15346 _d15346 |
||